000
00241nam a2200097Ia 4500
001
751336
005
20250826164642.0
008
250824s9999 xx 000 0 und d
245
0
_a
İNGİLİZCE SÖZLÜK
_c
KOMİSYON
260
_b
KARATAY YAYINLARI
999
_c
751336
_d
751336